Научный годовой отчет 2016 (об основных исследовательских работах, выполненных в 2016 г.)

Bibliographische Detailangaben
Körperschaften: Росатом, Научно-исследовательский институт атомных реакторов (НИИАР)
Zusammenfassung:Отчёт содержит статьи о выполненных в 2016 году исследованиях и результатах работы по основным направлениям деятельности АО «ГНЦ НИИАР», таким как: исследовательские ядерные реакторы; исследования твэлов и реакторных материалов; исследования и разработки элементов топливного цикла ядер­ной энергетики; трансурановые элементы, радионуклидные препараты и источники излучений; радиационная и экологическая безопасность, обращение с отработавшим ядерным топливом и радиоактивными отходами; международная научно-техническая деятельность; редакционно-издательская деятельность. Отчёт предназначен для сотрудников научно-исследовательских организаций, конструкторских бюро, предприятий атомной промышленности и студентов соот­ветствующих специальностей.
Sprache:Russisch
Veröffentlicht: Димитровград, Изд-во ГНЦ НИИАР, 2017
Schlagworte:
Format: MixedMaterials Buch
KOHA link:https://koha.lib.tpu.ru/cgi-bin/koha/opac-detail.pl?biblionumber=338568

MARC

LEADER 00000nam0a2200000 4500
001 338568
005 20231102005047.0
010 |a 9785948311555 
035 |a (RuTPU)RU\TPU\book\365070 
035 |a RU\TPU\book\344086 
090 |a 338568 
100 |a 20171128d2017 k y0rusy50 ca 
101 0 |a rus 
102 |a RU 
105 |a a z 001zy 
200 1 |a Научный годовой отчет 2016 (об основных исследовательских работах, выполненных в 2016 г.)  |f Росатом ; Научно-исследовательский институт атомных реакторов (НИИАР) 
210 |a Димитровград  |c Изд-во ГНЦ НИИАР  |d 2017 
215 |a 230 с.  |c ил. 
320 |a Список сокращений: с. 217-223 
330 |a Отчёт содержит статьи о выполненных в 2016 году исследованиях и результатах работы по основным направлениям деятельности АО «ГНЦ НИИАР», таким как: исследовательские ядерные реакторы; исследования твэлов и реакторных материалов; исследования и разработки элементов топливного цикла ядер­ной энергетики; трансурановые элементы, радионуклидные препараты и источники излучений; радиационная и экологическая безопасность, обращение с отработавшим ядерным топливом и радиоактивными отходами; международная научно-техническая деятельность; редакционно-издательская деятельность. Отчёт предназначен для сотрудников научно-исследовательских организаций, конструкторских бюро, предприятий атомной промышленности и студентов соот­ветствующих специальностей. 
606 1 |a Ядерные реакторы  |2 stltpush  |3 (RuTPU)RU\TPU\subj\21616  |9 46573 
610 1 |a исследовательские ядерные установки 
610 1 |a ТВЭЛы 
610 1 |a реакторные материалы 
610 1 |a ядерная энергетика 
610 1 |a топливный цикл 
610 1 |a разработка 
610 1 |a трансурановые элементы 
610 1 |a радионуклидные препараты 
610 1 |a источники излучений 
610 1 |a радиационная безопасность 
610 1 |a экологическая безопасность 
610 1 |a отработанное ядерное топливо 
610 1 |a вывоз 
610 1 |a радиоактивные отходы 
610 1 |a отчеты 
675 |a 621.039.5  |v 4 
712 0 2 |a Росатом  |c Государственная корпорация по атомной энергии  |c (2008- )  |2 stltpush  |3 (RuTPU)RU\TPU\col\14349  |9 25907 
712 0 2 |a Научно-исследовательский институт атомных реакторов (НИИАР)  |c (Димитровград)  |2 stltpush  |3 (RuTPU)RU\TPU\col\386 
801 1 |a RU  |b 63413507  |c 20160428 
801 2 |a RU  |b 63413507  |c 20211111  |g RCR 
942 |c BK